| 000 | 00901nam a2200301 a 4500 | ||
|---|---|---|---|
| 001 | 000019794 | ||
| 003 | DO-SdBNP | ||
| 005 | 20180406145829.0 | ||
| 007 | 000019794 | ||
| 008 | 100706s1973 ag 000 f spa d | ||
| 040 |
_aBPMSU _bspa _cBPMSU |
||
| 092 |
_a863.3 _bL431tor |
||
| 100 | _4Anónimo | ||
| 245 | 0 | 3 |
_aEl lazarillo de Tormes / _cAnónimo ; presentación de Ramón Menéndez Pidal. |
| 260 |
_aSanto Domingo : _bTobogán _c2005 |
||
| 300 |
_a81 p. ; _c 20 cm. |
||
| 490 | _aDidáctica | ||
| 650 | 4 | _aNOVELA ESPAÑOLA | |
| 650 | 4 | _aNOVELA PICARESCA ESPAÑOLA | |
| 650 | 4 | _aLITERATURA ESPAÑOLA | |
| 700 | 1 | _aMenéndez Pidal, Ramón | |
| 830 | _lDidática | ||
| 942 |
_2ddc _cBK |
||
| 945 | _aRemanejado para la BNPHU, 2018 /VM | ||
| 956 |
_aAROA _b10 _c20100706 _lBND01 _h2124 |
||
| 956 |
_aWMENDOZA _b40 _c20101220 _lBND01 _h1944 |
||
| 956 |
_aVMATEO _b10 _c20150908 _lBPMSU _h00151 |
||
| 999 |
_c7430 _d7430 |
||